000 00857nam a2200205 a 4500
001 000036010
005 20200930074810.0
008 111122s1980 dr ac r 000 0 spa d
040 _aDO-SdBNP
_bspa
_cBNPHU
041 1 7 _aspa
_heng
082 _axxxx
_bP438c
100 1 _aPérez Montás, Eugenio
_913156
245 1 0 _aCasas coloniales de Santo Domingo = Colonial houses of Santo Domingo /
_cEugenio Pérez Montás ; prólogo Rosa María Vicioso de Mayol ; fotografías, Onorio Montás ; dibujos, Francis Tezanos ... [et al.].
260 _aSanto Domingo :
_bMuseo de las Casas Reales
_bVoluntariado del Museo de las Casas Reales,
_c1980.
300 _a275 p. :
_bils. retr.
700 1 _aVicioso de Mayol, Rosa María,
_epról.
_962048
700 1 _aMontás, Onorio
_959042
700 1 _aTezanos, Francis
_962049
740 0 2 _aColonial houses of Santo Domingo
999 _c35501
_d35501